Community education : to reclaim and transform what has been made invisible (Record no. 64368)

MARC details
000 -CABECERA
campo de control de longitud fija 00620nam a2200229 a 4500
005 - FECHA Y HORA DE LA ÚLTIMA TRANSACCIÓN
campo de control 20210219152938.0
008 - ELEMENTOS DE LONGITUD FIJA--INFORMACIÓN GENERAL
campo de control de longitud fija 991125n 000 0 spa u
035 ## - NÚMERO DE CONTROL DEL SISTEMA
Número de control de sistema UPN01000068136
100 ## - ASIENTO PRINCIPAL--NOMBRE PERSONAL
Nombre de persona Fasheh, Munir
222 ## - TÍTULO CLAVE
-- HARVARD EDUCATIONAL REVIEW
245 ## - MENCIÓN DE TÍTULO
Título Community education : to reclaim and transform what has been made invisible
260 ## - PUBLICACIÓN, DISTRIBUCIÓN, ETC.
Lugar de publicación, distribución, etc. Massachusetts, EUA
300 ## - DESCRIPCIÓN FÍSICA
Extensión 19-35
362 0# - FECHAS DE PUBLICACIÓN Y/O DESIGNACIÓN SECUENCIAL
Fecha de publicación y/o designación secuencial 1990 Vol. 60, no. 1, feb.
653 0# - TERMINO DE INDIZACION - NO CONTROLADO
Término no controlado EDUCACION COMUNITARIA
653 0# - TERMINO DE INDIZACION - NO CONTROLADO
Término no controlado GUERRA
653 0# - TERMINO DE INDIZACION - NO CONTROLADO
Término no controlado IDEOLOGIA
653 0# - TERMINO DE INDIZACION - NO CONTROLADO
Término no controlado ISRAEL
653 0# - TERMINO DE INDIZACION - NO CONTROLADO
Término no controlado PALESTINA
904 ## - ELEMENTOS DE DATOS D LOCAL, LDD (RLIN)
a AC
b 005947
905 ## - TIPO DE MATERIAL
Tipo de material Articulo

No items available.